Normal view
MARC view
- مراجعة وتعليق: الكاتب، سيف الدين
Entry Personal Name
001 - CONTROL NUMBER
- control field: 8252
003 - CONTROL NUMBER IDENTIFIER
- control field: JO-AjAnu
005 - DATE AND TIME OF LATEST TRANSACTION
- control field: 20230606071631.0
008 - FIXED-LENGTH DATA ELEMENTS
- fixed length control field: 230606|| aca||aabn | a|a d
040 ## - CATALOGING SOURCE
- Original cataloging agency: JO-AjAnu
- Transcribing agency: JO-AjAnu
100 ## - HEADING--PERSONAL NAME
- Personal name: مراجعة وتعليق: الكاتب، سيف الدين
670 ## - SOURCE DATA FOUND
- Source citation: Work cat.: (JO-AjAnu)4262: مراجعة وتعليق: الكاتب، سيف الدين, author, كتاب الزيارة : من أجوبة شيخ الإسلام ابن تيمية